[Event "DEM U18w 2024"]
[Site "Willingen GER"]
[Date "2024.05.20"]
[Round "3"]
[White "Buchholz, Maja Patricia"]
[Black "Voigt, Anastasia"]
[Result "1/2-1/2"]
[Termination "normal"]
[Board "1"]
[WhiteElo "2030"]
[BlackElo "1992"]
[WhiteClock "00:03:04"]
[BlackClock "00:09:22"]
[PlyCount "227"]
[WhiteFideId "16200500"]
[BlackFideId "16235223"]
[EventCountry "GER"]
[EventRounds "9"]
[EventType "swiss"]
[EventDate "2024.05.18"]

1. d4 {[%clk 01:30:55]} {[%emt 00:00:05]} d5 {[%clk 01:30:56]} {[%emt
00:00:04]} 2. c4 {[%clk 01:31:17]} {[%emt 00:00:07]} e6 {[%clk 01:31:23]}
{[%emt 00:00:04]} 3. Nf3 {[%clk 01:31:41]} {[%emt 00:00:06]} Nf6 {[%clk
01:31:43]} {[%emt 00:00:10]} 4. g3 {[%clk 01:32:01]} {[%emt 00:00:10]} Be7
{[%clk 01:31:24]} {[%emt 00:00:49]} 5. Bg2 {[%clk 01:32:10]} {[%emt 00:00:20]}
O-O {[%clk 01:30:15]} {[%emt 00:01:40]} 6. Nc3 {[%clk 01:31:54]} {[%emt
00:00:47]} Nbd7 {[%clk 01:26:11]} {[%emt 00:04:33]} 7. Qd3 {[%clk 01:27:40]}
{[%emt 00:04:43]} c6 {[%clk 01:19:58]} {[%emt 00:06:43]} 8. O-O {[%clk
01:27:03]} {[%emt 00:01:08]} b6 {[%clk 01:19:48]} {[%emt 00:00:40]} 9. Re1
{[%clk 01:22:30]} {[%emt 00:05:02]} Bb7 {[%clk 01:19:05]} {[%emt 00:01:14]} 10.
Bf4 {[%clk 01:20:01]} {[%emt 00:02:59]} c5 {[%clk 01:13:34]} {[%emt 00:06:01]}
11. cxd5 {[%clk 01:07:52]} {[%emt 00:12:39]} Nxd5 {[%clk 01:13:20]} {[%emt
00:00:44]} 12. Nxd5 {[%clk 01:08:07]} {[%emt 00:00:15]} Bxd5 {[%clk 01:12:29]}
{[%emt 00:01:20]} 13. e4 {[%clk 01:07:38]} {[%emt 00:01:00]} Bb7 {[%clk
01:12:49]} {[%emt 00:00:10]} 14. d5 {[%clk 01:02:57]} {[%emt 00:05:12]} exd5
{[%clk 01:03:22]} {[%emt 00:09:56]} 15. exd5 {[%clk 01:03:06]} {[%emt
00:00:21]} Bf6 {[%clk 00:52:05]} {[%emt 00:11:47]} 16. Re2 {[%clk 00:56:55]}
{[%emt 00:06:41]} Qc8 {[%clk 00:49:58]} {[%emt 00:02:36]} 17. Qc2 {[%clk
00:53:44]} {[%emt 00:03:42]} Re8 {[%clk 00:40:26]} {[%emt 00:09:59]} 18. Rxe8+
{[%clk 00:43:38]} {[%emt 00:10:40]} Qxe8 {[%clk 00:40:51]} {[%emt 00:00:05]}
19. Re1 {[%clk 00:44:01]} {[%emt 00:00:06]} Qd8 {[%clk 00:40:51]} {[%emt
00:00:29]} 20. h4 {[%clk 00:42:53]} {[%emt 00:01:38]} Nf8 {[%clk 00:39:51]}
{[%emt 00:01:30]} 21. Ne5 {[%clk 00:33:48]} {[%emt 00:09:36]} Ng6 {[%clk
00:36:32]} {[%emt 00:03:49]} 22. Nc6 {[%clk 00:29:36]} {[%emt 00:04:42]} Qd7
{[%clk 00:29:04]} {[%emt 00:07:58]} 23. Bd2 {[%clk 00:27:31]} {[%emt 00:02:35]}
Ne7 {[%clk 00:24:21]} {[%emt 00:05:12]} 24. Nxe7+ {[%clk 00:23:06]} {[%emt
00:04:56]} Bxe7 {[%clk 00:24:46]} {[%emt 00:00:05]} 25. Bc3 {[%clk 00:21:54]}
{[%emt 00:01:43]} Bf8 {[%clk 00:23:43]} {[%emt 00:01:32]} 26. Rd1 {[%clk
00:20:57]} {[%emt 00:01:27]} Re8 {[%clk 00:22:17]} {[%emt 00:01:55]} 27. Kh2
{[%clk 00:19:29]} {[%emt 00:01:59]} Bd6 {[%clk 00:21:06]} {[%emt 00:01:40]} 28.
Be4 {[%clk 00:16:03]} {[%emt 00:03:57]} h6 {[%clk 00:20:07]} {[%emt 00:01:29]}
29. Bf3 {[%clk 00:13:30]} {[%emt 00:03:04]} Be5 {[%clk 00:18:51]} {[%emt
00:01:45]} 30. Qd3 {[%clk 00:12:04]} {[%emt 00:01:55]} b5 {[%clk 00:15:11]}
{[%emt 00:04:10]} 31. Bxe5 {[%clk 00:10:24]} {[%emt 00:02:11]} Rxe5 {[%clk
00:15:16]} {[%emt 00:00:25]} 32. d6 {[%clk 00:07:13]} {[%emt 00:03:41]} Bxf3
{[%clk 00:15:04]} {[%emt 00:00:42]} 33. Qxf3 {[%clk 00:07:42]} Re6 {[%clk
00:13:37]} {[%emt 00:01:56]} 34. Qd5 {[%clk 00:06:48]} {[%emt 00:01:25]} c4
{[%clk 00:13:32]} {[%emt 00:00:36]} 35. Qc5 {[%clk 00:06:54]} {[%emt 00:00:23]}
Re8 {[%clk 00:11:59]} {[%emt 00:02:01]} 36. Qc7 {[%clk 00:05:20]} {[%emt
00:02:05]} Rd8 {[%clk 00:11:41]} {[%emt 00:00:49]} 37. Rd5 {[%clk 00:05:21]}
{[%emt 00:00:29]} a6 {[%clk 00:08:03]} {[%emt 00:04:08]} 38. Qb6 {[%clk
00:05:14]} {[%emt 00:00:37]} Ra8 {[%clk 00:04:05]} {[%emt 00:04:28]} 39. Rc5
{[%clk 00:04:47]} {[%emt 00:00:57]} Kh7 {[%clk 00:03:48]} {[%emt 00:00:46]} 40.
Rc7 {[%clk 00:04:27]} {[%emt 00:00:51]} Qf5 {[%clk 00:01:41]} {[%emt 00:02:34]}
41. Qd4 {[%clk 00:29:58]} {[%emt 00:05:02]} Rd8 {[%clk 00:18:17]} {[%emt
00:13:52]} 42. Kg2 {[%clk 00:28:49]} {[%emt 00:01:40]} Qd3 {[%clk 00:16:52]}
{[%emt 00:01:54]} 43. Qa7 {[%clk 00:25:07]} {[%emt 00:04:13]} Rxd6 {[%clk
00:14:06]} {[%emt 00:03:16]} 44. Rxf7 {[%clk 00:25:14]} {[%emt 00:00:24]} Qd4
{[%clk 00:14:16]} {[%emt 00:00:19]} 45. Qe7 {[%clk 00:23:59]} {[%emt 00:01:46]}
Rd8 {[%clk 00:07:07]} {[%emt 00:07:38]} 46. Kh2 {[%clk 00:22:37]} {[%emt
00:01:53]} Rg8 {[%clk 00:06:29]} {[%emt 00:01:07]} 47. Qe2 {[%clk 00:15:00]}
{[%emt 00:08:07]} a5 {[%clk 00:05:10]} {[%emt 00:01:50]} 48. Rf5 {[%clk
00:13:23]} {[%emt 00:02:08]} Rb8 {[%clk 00:04:11]} {[%emt 00:01:28]} 49. Qc2
{[%clk 00:11:07]} {[%emt 00:02:46]} Kh8 {[%clk 00:04:35]} {[%emt 00:00:05]} 50.
Rf4 {[%clk 00:08:37]} {[%emt 00:03:01]} Qd6 {[%clk 00:04:41]} {[%emt 00:00:23]}
51. Qc3 {[%clk 00:08:33]} {[%emt 00:00:34]} Qb6 {[%clk 00:04:37]} {[%emt
00:00:34]} 52. Rf7 {[%clk 00:07:34]} {[%emt 00:01:30]} Rg8 {[%clk 00:05:02]}
{[%emt 00:00:05]} 53. Qe5 {[%clk 00:05:38]} {[%emt 00:02:26]} b4 {[%clk
00:04:24]} {[%emt 00:01:08]} 54. Rf5 {[%clk 00:05:30]} {[%emt 00:00:38]} a4
{[%clk 00:04:09]} {[%emt 00:00:45]} 55. Qc5 {[%clk 00:04:10]} {[%emt 00:01:49]}
Qxc5 {[%clk 00:01:22]} {[%emt 00:03:18]} 56. Rxc5 {[%clk 00:04:39]} c3 {[%clk
00:01:33]} {[%emt 00:00:20]} 57. bxc3 {[%clk 00:04:57]} {[%emt 00:00:12]} bxc3
{[%clk 00:01:30]} {[%emt 00:00:33]} 58. Rxc3 {[%clk 00:05:26]} Ra8 {[%clk
00:01:40]} {[%emt 00:00:20]} 59. Kg2 {[%clk 00:05:17]} {[%emt 00:00:39]} Kg8
{[%clk 00:01:17]} {[%emt 00:00:53]} 60. Rf3 {[%clk 00:04:49]} {[%emt 00:00:57]}
Rc8 {[%clk 00:01:08]} {[%emt 00:00:39]} 61. Rf4 {[%clk 00:05:11]} {[%emt
00:00:08]} a3 {[%clk 00:01:02]} {[%emt 00:00:36]} 62. Rf3 {[%clk 00:05:32]}
{[%emt 00:00:09]} Ra8 {[%clk 00:01:27]} {[%emt 00:00:06]} 63. Kf1 {[%clk
00:05:54]} {[%emt 00:00:07]} Kh7 {[%clk 00:01:47]} {[%emt 00:00:10]} 64. Ke2
{[%clk 00:05:33]} {[%emt 00:00:52]} Kg6 {[%clk 00:02:03]} {[%emt 00:00:13]} 65.
Kd2 {[%clk 00:05:25]} {[%emt 00:00:39]} Kh5 {[%clk 00:02:12]} {[%emt 00:00:21]}
66. Kc2 {[%clk 00:04:56]} {[%emt 00:00:58]} g5 {[%clk 00:02:33]} {[%emt
00:00:09]} 67. hxg5 {[%clk 00:04:31]} {[%emt 00:00:56]} hxg5 {[%clk 00:02:49]}
{[%emt 00:00:14]} 68. Kb3 {[%clk 00:03:17]} {[%emt 00:01:44]} Kg4 {[%clk
00:03:07]} {[%emt 00:00:12]} 69. Rc3 {[%clk 00:02:36]} {[%emt 00:01:11]} Rf8
{[%clk 00:03:02]} {[%emt 00:00:34]} 70. f4 {[%clk 00:01:03]} {[%emt 00:02:04]}
gxf4 {[%clk 00:03:17]} {[%emt 00:00:16]} 71. gxf4 {[%clk 00:01:31]} Kxf4 {[%clk
00:03:36]} {[%emt 00:00:10]} 72. Kxa3 {[%clk 00:01:48]} {[%emt 00:00:14]} Ke5
{[%clk 00:04:00]} {[%emt 00:00:05]} 73. Rd3 {[%clk 00:01:39]} {[%emt 00:00:39]}
Rb8 {[%clk 00:03:24]} {[%emt 00:01:07]} 74. Ka4 {[%clk 00:02:03]} {[%emt
00:00:06]} Ke4 {[%clk 00:02:51]} {[%emt 00:01:03]} 75. Rd1 {[%clk 00:02:15]}
{[%emt 00:00:17]} Ra8+ {[%clk 00:02:58]} {[%emt 00:00:24]} 76. Kb3 {[%clk
00:02:33]} {[%emt 00:00:12]} Rb8+ {[%clk 00:03:25]} {[%emt 00:00:03]} 77. Kc4
{[%clk 00:02:20]} {[%emt 00:00:43]} Rc8+ {[%clk 00:03:44]} {[%emt 00:00:11]}
78. Kb3 {[%clk 00:01:49]} {[%emt 00:01:01]} Rb8+ {[%clk 00:04:10]} {[%emt
00:00:04]} 79. Kc2 {[%clk 00:02:14]} {[%emt 00:00:05]} Rc8+ {[%clk 00:04:36]}
{[%emt 00:00:03]} 80. Kb2 {[%clk 00:02:40]} {[%emt 00:00:05]} Rb8+ {[%clk
00:04:53]} {[%emt 00:00:13]} 81. Ka1 {[%clk 00:03:05]} {[%emt 00:00:05]} Ra8
{[%clk 00:05:16]} {[%emt 00:00:06]} 82. Rd7 {[%clk 00:03:24]} {[%emt 00:00:11]}
Ra6 {[%clk 00:05:03]} {[%emt 00:00:43]} 83. Kb2 {[%clk 00:03:26]} {[%emt
00:00:29]} Rb6+ {[%clk 00:05:16]} {[%emt 00:00:17]} 84. Kc3 {[%clk 00:03:41]}
{[%emt 00:00:15]} Ra6 {[%clk 00:05:17]} {[%emt 00:00:29]} 85. Kb3 {[%clk
00:03:34]} {[%emt 00:00:37]} Rb6+ {[%clk 00:05:43]} {[%emt 00:00:04]} 86. Kc4
{[%clk 00:02:50]} {[%emt 00:01:14]} Ra6 {[%clk 00:05:58]} {[%emt 00:00:14]} 87.
Rd2 {[%clk 00:03:05]} {[%emt 00:00:15]} Ra8 {[%clk 00:06:02]} {[%emt 00:00:26]}
88. Kb5 {[%clk 00:02:39]} {[%emt 00:00:56]} Rb8+ {[%clk 00:06:22]} {[%emt
00:00:10]} 89. Kc6 {[%clk 00:03:04]} {[%emt 00:00:06]} Ra8 {[%clk 00:06:41]}
{[%emt 00:00:10]} 90. Kb7 {[%clk 00:02:06]} {[%emt 00:01:28]} Ra3 {[%clk
00:07:04]} {[%emt 00:00:07]} 91. Kb6 {[%clk 00:02:00]} {[%emt 00:00:37]} Ra8
{[%clk 00:07:22]} {[%emt 00:00:11]} 92. Kb5 {[%clk 00:01:21]} {[%emt 00:01:10]}
Rb8+ {[%clk 00:07:44]} {[%emt 00:00:08]} 93. Kc5 {[%clk 00:01:43]} {[%emt
00:00:08]} Rc8+ {[%clk 00:07:53]} {[%emt 00:00:21]} 94. Kb4 {[%clk 00:02:00]}
{[%emt 00:00:13]} Rb8+ {[%clk 00:08:19]} {[%emt 00:00:04]} 95. Kc3 {[%clk
00:02:08]} {[%emt 00:00:22]} Rc8+ {[%clk 00:08:36]} {[%emt 00:00:12]} 96. Kb2
{[%clk 00:02:34]} {[%emt 00:00:05]} Rb8+ {[%clk 00:08:37]} {[%emt 00:00:28]}
97. Ka1 {[%clk 00:03:00]} {[%emt 00:00:04]} Ra8 {[%clk 00:09:02]} {[%emt
00:00:05]} 98. Rh2 {[%clk 00:02:50]} {[%emt 00:00:40]} Kd5 {[%clk 00:09:22]}
{[%emt 00:00:10]} 99. Rh4 Kc5 100. a4 Kb6 101. Ka2 Ka5 102. Ka3 Rb8 103. Rh5+
Ka6 104. Rh1 Ka5 105. Rc1 Ka6 106. Rc5 Rb7 107. Rc8 Rb1 108. Ra8+ Kb7 109. Ra5
Kb6 110. Rh5 Ka6 111. Rh8 Ra1+ 112. Kb3 Rb1+ 113. Ka2 Rb4 114. Ra8+ 1/2-1/2

[Event "DEM U18w 2024"]
[Site "Willingen GER"]
[Date "2024.05.20"]
[Round "3"]
[White "Pohle, Saskia"]
[Black "Werner, Rosalie"]
[Result "1-0"]
[Termination "normal"]
[Board "2"]
[WhiteElo "1901"]
[BlackElo "1938"]
[WhiteClock "00:03:32"]
[BlackClock "00:00:36"]
[PlyCount "117"]
[WhiteFideId "16201604"]
[BlackFideId "16223748"]
[EventCountry "GER"]
[EventRounds "9"]
[EventType "swiss"]
[EventDate "2024.05.18"]

1. e4 {[%clk 01:30:58]} {[%emt 00:00:02]} e6 {[%clk 01:30:57]} {[%emt
00:00:04]} 2. d4 {[%clk 01:31:23]} {[%emt 00:00:05]} d5 {[%clk 01:31:22]}
{[%emt 00:00:05]} 3. Nd2 {[%clk 01:31:48]} {[%emt 00:00:05]} Nf6 {[%clk
01:31:46]} {[%emt 00:00:05]} 4. e5 {[%clk 01:32:13]} {[%emt 00:00:05]} Nfd7
{[%clk 01:32:11]} {[%emt 00:00:05]} 5. Bd3 {[%clk 01:32:36]} {[%emt 00:00:07]}
c5 {[%clk 01:32:36]} {[%emt 00:00:06]} 6. c3 {[%clk 01:33:00]} {[%emt
00:00:06]} Nc6 {[%clk 01:32:58]} {[%emt 00:00:07]} 7. Ne2 {[%clk 01:33:25]}
{[%emt 00:00:05]} cxd4 {[%clk 01:33:22]} {[%emt 00:00:07]} 8. cxd4 {[%clk
01:33:50]} {[%emt 00:00:04]} f6 {[%clk 01:33:47]} {[%emt 00:00:06]} 9. exf6
{[%clk 01:34:14]} {[%emt 00:00:06]} Nxf6 {[%clk 01:34:12]} {[%emt 00:00:05]}
10. O-O {[%clk 01:34:36]} {[%emt 00:00:07]} Bd6 {[%clk 01:34:38]} {[%emt
00:00:04]} 11. Nf3 {[%clk 01:34:54]} {[%emt 00:00:12]} O-O {[%clk 01:35:01]}
{[%emt 00:00:08]} 12. Bf4 {[%clk 01:35:19]} {[%emt 00:00:05]} Bxf4 {[%clk
01:35:25]} {[%emt 00:00:06]} 13. Nxf4 {[%clk 01:35:43]} {[%emt 00:00:05]} Ng4
{[%clk 01:35:51]} {[%emt 00:00:04]} 14. Qd2 {[%clk 01:35:52]} {[%emt 00:00:22]}
Qf6 {[%clk 01:36:11]} {[%emt 00:00:09]} 15. Nh5 {[%clk 01:36:00]} {[%emt
00:00:22]} Qh6 {[%clk 01:36:34]} {[%emt 00:00:08]} 16. Qxh6 {[%clk 01:36:20]}
{[%emt 00:00:10]} Nxh6 {[%clk 01:36:58]} {[%emt 00:00:05]} 17. Rac1 {[%clk
01:36:29]} {[%emt 00:00:21]} g6 {[%clk 01:36:42]} {[%emt 00:00:46]} 18. Ng3
{[%clk 01:36:51]} {[%emt 00:00:09]} a6 {[%clk 01:37:06]} {[%emt 00:00:05]} 19.
Ne2 {[%clk 01:29:28]} {[%emt 00:07:53]} Bd7 {[%clk 01:34:56]} {[%emt 00:02:40]}
20. Rc3 {[%clk 01:24:21]} {[%emt 00:05:37]} Nf7 {[%clk 01:33:29]} {[%emt
00:01:57]} 21. a3 {[%clk 01:13:53]} {[%emt 00:10:59]} Rac8 {[%clk 01:26:27]}
{[%emt 00:07:31]} 22. Bb1 {[%clk 01:10:21]} {[%emt 00:04:03]} Nfd8 {[%clk
01:23:09]} {[%emt 00:03:48]} 23. Rfc1 {[%clk 01:07:54]} {[%emt 00:02:56]} Kg7
{[%clk 01:13:00]} {[%emt 00:10:39]} 24. h4 {[%clk 00:57:13]} {[%emt 00:11:12]}
Be8 {[%clk 01:03:02]} {[%emt 00:10:28]} 25. b4 {[%clk 00:51:28]} {[%emt
00:06:14]} b5 {[%clk 00:47:32]} {[%emt 00:16:00]} 26. Ne5 {[%clk 00:46:59]}
{[%emt 00:04:59]} Kf6 {[%clk 00:41:50]} {[%emt 00:06:12]} 27. g3 {[%clk
00:30:47]} {[%emt 00:16:42]} Ke7 {[%clk 00:39:05]} {[%emt 00:03:15]} 28. Kg2
{[%clk 00:29:11]} {[%emt 00:02:06]} Kd6 {[%clk 00:33:49]} {[%emt 00:05:46]} 29.
f4 {[%clk 00:26:04]} {[%emt 00:03:37]} Rc7 {[%clk 00:22:03]} {[%emt 00:12:16]}
30. Bd3 {[%clk 00:17:49]} {[%emt 00:08:46]} Rg7 {[%clk 00:16:44]} {[%emt
00:05:48]} 31. Nf3 {[%clk 00:13:28]} {[%emt 00:04:51]} Nf7 {[%clk 00:10:21]}
{[%emt 00:06:53]} 32. Neg1 {[%clk 00:11:24]} {[%emt 00:02:34]} h6 {[%clk
00:08:13]} {[%emt 00:02:38]} 33. Nh3 {[%clk 00:11:08]} {[%emt 00:00:46]} Rfg8
{[%clk 00:03:35]} {[%emt 00:05:08]} 34. Rd1 {[%clk 00:06:43]} {[%emt 00:04:55]}
Kc7 {[%clk 00:02:46]} {[%emt 00:01:19]} 35. Kf2 {[%clk 00:04:02]} {[%emt
00:03:11]} Kb6 {[%clk 00:02:52]} {[%emt 00:00:25]} 36. Rc5 {[%clk 00:04:07]}
{[%emt 00:00:25]} Nd6 {[%clk 00:02:28]} {[%emt 00:00:53]} 37. Re1 {[%clk
00:03:45]} {[%emt 00:00:52]} Bd7 {[%clk 00:02:14]} {[%emt 00:00:44]} 38. Rc2
{[%clk 00:03:23]} {[%emt 00:00:52]} Nc4 {[%clk 00:01:59]} {[%emt 00:00:45]} 39.
Bxc4 {[%clk 00:02:26]} {[%emt 00:01:27]} bxc4 {[%clk 00:02:12]} {[%emt
00:00:17]} 40. Nhg1 {[%clk 00:02:32]} {[%emt 00:00:24]} Rf7 {[%clk 00:01:52]}
{[%emt 00:00:50]} 41. Ke3 {[%clk 00:24:58]} {[%emt 00:08:04]} Na7 {[%clk
00:27:49]} {[%emt 00:04:33]} 42. Ne2 {[%clk 00:21:10]} {[%emt 00:04:18]} Ba4
{[%clk 00:26:17]} {[%emt 00:02:03]} 43. Rcc1 {[%clk 00:20:52]} {[%emt
00:00:47]} a5 {[%clk 00:17:49]} {[%emt 00:08:58]} 44. Nc3 {[%clk 00:18:18]}
{[%emt 00:03:04]} Bb3 {[%clk 00:13:32]} {[%emt 00:04:48]} 45. Kd2 {[%clk
00:13:21]} {[%emt 00:05:26]} Rf6 {[%clk 00:04:37]} {[%emt 00:09:25]} 46. Ne5
{[%clk 00:12:51]} {[%emt 00:01:00]} Rf5 {[%clk 00:02:24]} {[%emt 00:02:43]} 47.
Ng4 {[%clk 00:11:34]} {[%emt 00:01:46]} Re8 {[%clk 00:02:11]} {[%emt 00:00:43]}
48. Nxh6 {[%clk 00:11:33]} {[%emt 00:00:32]} axb4 {[%clk 00:02:04]} {[%emt
00:00:37]} 49. axb4 {[%clk 00:09:51]} {[%emt 00:02:12]} Rh5 {[%clk 00:01:28]}
{[%emt 00:01:06]} 50. Ng4 {[%clk 00:08:07]} {[%emt 00:02:15]} Nc6 {[%clk
00:01:15]} {[%emt 00:00:43]} 51. Nf6 {[%clk 00:06:05]} {[%emt 00:02:32]} Nxd4
{[%clk 00:01:20]} {[%emt 00:00:24]} 52. Nxe8 {[%clk 00:05:04]} {[%emt
00:01:31]} Nf3+ {[%clk 00:01:11]} {[%emt 00:00:39]} 53. Ke3 {[%clk 00:04:55]}
{[%emt 00:00:39]} Nxe1 {[%clk 00:01:02]} {[%emt 00:00:39]} 54. Rxe1 {[%clk
00:05:19]} {[%emt 00:00:05]} Bc2 {[%clk 00:00:54]} {[%emt 00:00:39]} 55. Ng7
{[%clk 00:04:45]} {[%emt 00:01:04]} Rh8 {[%clk 00:01:05]} {[%emt 00:00:19]} 56.
Nxe6 {[%clk 00:04:51]} {[%emt 00:00:24]} Re8 {[%clk 00:00:56]} {[%emt
00:00:38]} 57. Kd4 {[%clk 00:04:20]} {[%emt 00:01:02]} Kc6 {[%clk 00:00:40]}
{[%emt 00:00:47]} 58. Re5 {[%clk 00:03:43]} {[%emt 00:01:07]} Kd6 {[%clk
00:00:36]} {[%emt 00:00:33]} 59. Nc5 {[%clk 00:03:32]} {[%emt 00:00:41]} 1-0

[Event "DEM U18w 2024"]
[Site "Willingen GER"]
[Date "2024.05.20"]
[Round "3"]
[White "Sereda, Yaroslava"]
[Black "Modali, Nikhilamrutha"]
[Result "1-0"]
[Termination "normal"]
[Board "3"]
[WhiteElo "1925"]
[BlackElo "1608"]
[WhiteClock "00:14:27"]
[BlackClock "00:02:16"]
[PlyCount "77"]
[WhiteFideId "14178940"]
[BlackFideId "16282370"]
[EventCountry "GER"]
[EventRounds "9"]
[EventType "swiss"]
[EventDate "2024.05.18"]

1. e4 {[%clk 01:30:58]} c5 {[%clk 01:30:56]} {[%emt 00:00:05]} 2. Nf3 {[%clk
01:31:20]} {[%emt 00:00:08]} a6 {[%clk 01:31:23]} {[%emt 00:00:03]} 3. g3
{[%clk 01:23:37]} {[%emt 00:08:13]} Nc6 {[%clk 01:26:39]} {[%emt 00:05:15]} 4.
d4 {[%clk 01:15:36]} {[%emt 00:08:31]} cxd4 {[%clk 01:26:09]} {[%emt 00:01:00]}
5. Nxd4 {[%clk 01:15:56]} {[%emt 00:00:09]} e6 {[%clk 01:14:04]} {[%emt
00:12:35]} 6. Bg2 {[%clk 01:15:02]} {[%emt 00:01:24]} Nf6 {[%clk 01:11:57]}
{[%emt 00:02:37]} 7. O-O {[%clk 01:12:10]} {[%emt 00:03:22]} Qc7 {[%clk
01:02:56]} {[%emt 00:09:31]} 8. c3 {[%clk 00:56:52]} {[%emt 00:15:48]} b5
{[%clk 00:51:58]} {[%emt 00:11:28]} 9. a4 {[%clk 00:52:12]} {[%emt 00:05:10]}
Bb7 {[%clk 00:45:49]} {[%emt 00:06:39]} 10. axb5 {[%clk 00:49:49]} {[%emt
00:02:53]} Nxd4 {[%clk 00:45:36]} {[%emt 00:00:43]} 11. Qxd4 {[%clk 00:46:53]}
{[%emt 00:03:25]} Bc5 {[%clk 00:41:51]} {[%emt 00:04:16]} 12. Qd3 {[%clk
00:46:33]} {[%emt 00:00:50]} axb5 {[%clk 00:40:18]} {[%emt 00:02:03]} 13. Rxa8+
{[%clk 00:46:42]} {[%emt 00:00:21]} Bxa8 {[%clk 00:40:41]} {[%emt 00:00:06]}
14. Be3 {[%clk 00:44:40]} {[%emt 00:02:32]} O-O {[%clk 00:37:48]} {[%emt
00:03:25]} 15. Nd2 {[%clk 00:42:41]} {[%emt 00:02:29]} Rb8 {[%clk 00:33:19]}
{[%emt 00:04:58]} 16. Ra1 {[%clk 00:38:26]} {[%emt 00:04:46]} d5 {[%clk
00:27:06]} {[%emt 00:06:42]} 17. Bd4 {[%clk 00:30:12]} {[%emt 00:08:43]} dxe4
{[%clk 00:24:06]} {[%emt 00:03:30]} 18. Nxe4 {[%clk 00:29:48]} {[%emt
00:00:55]} Bxe4 {[%clk 00:21:39]} {[%emt 00:02:57]} 19. Bxe4 {[%clk 00:29:51]}
{[%emt 00:00:27]} Nxe4 {[%clk 00:20:23]} {[%emt 00:01:46]} 20. Qxe4 {[%clk
00:30:14]} {[%emt 00:00:07]} Bxd4 {[%clk 00:19:18]} {[%emt 00:01:35]} 21. Qxd4
{[%clk 00:30:20]} {[%emt 00:00:23]} h6 {[%clk 00:14:04]} {[%emt 00:05:44]} 22.
Ra7 {[%clk 00:26:35]} {[%emt 00:04:16]} Rb7 {[%clk 00:12:57]} {[%emt 00:01:37]}
23. Ra8+ {[%clk 00:24:27]} {[%emt 00:02:39]} Rb8 {[%clk 00:11:26]} {[%emt
00:02:01]} 24. Rxb8+ {[%clk 00:24:29]} {[%emt 00:00:27]} Qxb8 {[%clk 00:11:51]}
{[%emt 00:00:05]} 25. Qc5 {[%clk 00:23:23]} {[%emt 00:01:35]} Qb7 {[%clk
00:11:17]} {[%emt 00:01:05]} 26. b3 {[%clk 00:16:54]} {[%emt 00:06:59]} Qd7
{[%clk 00:10:47]} {[%emt 00:01:00]} 27. c4 {[%clk 00:16:26]} {[%emt 00:00:57]}
bxc4 {[%clk 00:07:20]} {[%emt 00:03:58]} 28. Qxc4 {[%clk 00:16:33]} {[%emt
00:00:23]} Qd1+ {[%clk 00:07:04]} {[%emt 00:00:46]} 29. Kg2 {[%clk 00:16:58]}
{[%emt 00:00:05]} Qd5+ {[%clk 00:07:17]} {[%emt 00:00:16]} 30. Qxd5 {[%clk
00:16:24]} {[%emt 00:01:05]} exd5 {[%clk 00:07:40]} {[%emt 00:00:07]} 31. Kf3
{[%clk 00:16:12]} {[%emt 00:00:41]} Kf8 {[%clk 00:07:43]} {[%emt 00:00:28]} 32.
Kf4 {[%clk 00:16:04]} {[%emt 00:00:37]} f6 {[%clk 00:07:22]} {[%emt 00:00:52]}
33. Ke3 {[%clk 00:16:11]} {[%emt 00:00:23]} Ke7 {[%clk 00:06:47]} {[%emt
00:01:05]} 34. Kd4 {[%clk 00:16:33]} {[%emt 00:00:07]} Kd6 {[%clk 00:06:46]}
{[%emt 00:00:31]} 35. b4 {[%clk 00:16:27]} {[%emt 00:00:36]} Kc6 {[%clk
00:03:31]} {[%emt 00:03:46]} 36. b5+ {[%clk 00:13:31]} {[%emt 00:03:25]} Kxb5
{[%clk 00:02:38]} {[%emt 00:01:23]} 37. Kxd5 {[%clk 00:14:00]} {[%emt
00:00:02]} Kb6 {[%clk 00:01:56]} {[%emt 00:01:12]} 38. Ke6 {[%clk 00:14:10]}
{[%emt 00:00:19]} Kc7 {[%clk 00:02:16]} {[%emt 00:00:10]} 39. Kf7 {[%clk
00:14:27]} {[%emt 00:00:13]} 1-0